Development of an areca sprayer (Record no. 14938)
[ view plain ]
| 000 -LEADER | |
|---|---|
| fixed length control field | 00564nam a22001817a 4500 |
| 003 - CONTROL NUMBER IDENTIFIER | |
| control field | OSt |
| 088 ## - REPORT NUMBER | |
| Report number | P 49 |
| 100 ## - MAIN ENTRY--AUTHOR NAME | |
| Personal name | ANIL V |
| -- | BINDHU J |
| -- | SURESH BABU M.S |
| 245 ## - TITLE STATEMENT | |
| Title | Development of an areca sprayer |
| 260 ## - PUBLICATION, DISTRIBUTION, ETC. (IMPRINT) | |
| Place of publication | Tavanur 1996 |
| Name of publisher | Department of Farm Power Machinery and Energy |
| 300 ## - PHYSICAL DESCRIPTION | |
| Number of Pages | 50 |
| 500 ## - GENERAL NOTE | |
| General note | Development of an areca sprayer |
| 520 ## - SUMMARY, ETC. | |
| Summary, etc | Development of an areca sprayer |
| 700 ## - ADDED ENTRY--PERSONAL NAME | |
| Personal name | Miss Sreekala G (Guide) |
| 856 ## - ELECTRONIC LOCATION AND ACCESS | |
| Uniform Resource Identifier | https://drive.google.com/open?id=1BQ81N5YT1SD-K6IGsMQI1l6LCggss8-q |
| 942 ## - ADDED ENTRY ELEMENTS (KOHA) | |
| Koha item type | Project Report |
| Collection code | Home library | Current library | Shelving location | Full call number | Accession Number | Koha item type |
|---|---|---|---|---|---|---|
| Reference | KAUAET | KAUAET | Reference | 631.3 ANI/DE | P 49 | Project Report |
